00480nam a2200157 a 4500008004100000020001800041050001900059100001900078245008400097260002700181300003500208650001400243650002000257650002800277700001700305210212s2005 ||||||||||||||||| || u a9780393937329 aJC 75 .D36 Obe aCarnes, Mark C14aThe threshold of democracy : Athens in 403 B.C.cBy Josiah Ober; Mark C. Carnes aNew YorkbNortonc2005 avii, 118 pages : illustrations aDEMOCRACY aGREECE--ANTHENS aPOLITICS AND GOVERNMENT aOber, Josiah